000 00986nam a2200469Ia 4500
001 181
003 373
005 20240712154302.0
008 ||||||n9999 ||| || ||
020 _a8476153015
041 _aspa
082 _219
_a001.43
100 _aJamsa, Kris
_9442
245 0 _aDOS
_bguia para usuarios expertos
260 _aEspaña :
_bMCGRA,
_c1989.
300 _a864p
562 _e1
650 0 _aINFORMÁTICA
_9158
650 0 _aPROGRAMAS DE COMPUTADORA
_9211
650 0 _aSISTEMAS ADMINISTRATIVOS
_9445
942 _cBKM
999 _c181
_d181
526 _a17598
526 _a102617
526 _a102618
526 _a15794
526 _a102619
526 _a102620
526 _a10406
526 _a105630
526 _a1698
526 _a116204
526 _a4969
526 _a19790
526 _a104436
526 _a5144
526 _a51868
526 _a3899
526 _a9683
526 _a
526 _a1703
526 _a1697